000 01394cam a2200409Ia 4500
003 data
005 20260322212010.0
008 data
010 _a93038836
018 _a229296690
020 _a0375760644
_q(pbk.)
020 _a9780375760648
_q(pbk.)
040 _aAKD
_beng
_cAKD
_dWGT
_dOCLCQ
_dOCL
_dBAKER
_dYDXCP
_dBTCTA
_dOCLCA
_dJQD
_dUPZ
_dBDX
_dOCLCA
_dOCLCF
_dOCLCA
_dOCLCQ
_dOCL
_dOCLCO
_dGGB
_dOCLCO
_dOCL
_dWGT
041 1 _aeng
_hrus
043 _ae-ur---
050 4 _aPG3366
_b.V6 2002
082 0 4 _a891.73/3
_222
082 1 4 _aFIC
_bTOLSTOY
099 _aTOLST L
100 1 _aTolstoy, Leo,
_d1828-1910
_cgraf,
240 1 0 _aVoĭna i mir.
_lEnglish
245 1 0 _aWar and peace /
_cLeo Tolstoy & Constance Garnett.
246 3 _aWar & peace
250 _aModern Library pbk. ed
260 _aNew York :
_bModern Library,
_c2002, ©1994
300 _avii, 1388 pages ;
_c21 cm
336 _atext
_btxt
_2rdacontent
337 _aunmediated
_bn
_2rdamedia
338 _avolume
_bnc
_2rdacarrier
490 1 _aThe Modern Library classics
520 _aThe monumental Russian classic reflects the life and times of Russian society during the Napoleonic War
650 0 _aNapoleonic Wars, 1800-1815
_xCampaigns
_zRussia
_vFiction
651 0 _aRussia
_xHistory
_yAlexander I, 1801-1825
_vFiction
700 1 _aGarnett, Constance,
_d1861-1946
830 0 _aModern Library classics
001 data
999 _c210
_d210